Introduction to semiconductor materials and devices : For Computing and Telecommunications Applications
Guardado en:
| Autor principal: | |
|---|---|
| Formato: | Libro |
| Lenguaje: | inglés |
| Publicado: |
Cambridge :
Cambridge University Press,
2005
|
| Edición: | 1.vyd. |
| Materias: | |
| Etiquetas: |
Sin Etiquetas, Sea el primero en etiquetar este registro!
|
MARC
| LEADER | 00000nam a22000003a 4500 | ||
|---|---|---|---|
| 001 | stu112542 | ||
| 005 | 20150617225836.8 | ||
| 008 | 060306s2005----uk------------------eng-d | ||
| 020 | |a 0-521-83150-4 | ||
| 040 | |a STU |b slo | ||
| 041 | 0 | |a eng | |
| 044 | |a uk | ||
| 080 | |a 004.42 | ||
| 080 | |a 621.315.592 | ||
| 080 | |a 621.39 |7 stu_us_auth*stu8291 | ||
| 100 | 1 | |a Brennan, Kevin F. |4 aut | |
| 245 | 1 | |a Introduction to semiconductor materials and devices : |b For Computing and Telecommunications Applications | |
| 250 | |a 1.vyd. | ||
| 260 | |a Cambridge : |b Cambridge University Press, |c 2005 | ||
| 300 | |a 316 s | ||
| 650 | 7 | |a programovanie |2 stusub | |
| 650 | 7 | |a telekomunikačné zariadenia |2 stusub | |
| 650 | 7 | |a polovodičové súčiastky |2 stusub | |
| 996 | |b 284EK86091 |c E*86091 |l EE11 |s P |a 0 |w stu112542_0001 | ||